logo

Embedded Systems Design with Platform FPGAs (Record no. 1956)

000 -LEADER
fixed length control field 00503nam a22001817a 4500
003 - CONTROL NUMBER IDENTIFIER
control field SLTCLib
008 - FIXED-LENGTH DATA ELEMENTS--GENERAL INFORMATION
fixed length control field 260119b ce ||||| |||| 00| 0 eng d
020 ## - INTERNATIONAL STANDARD BOOK NUMBER
International Standard Book Number 9780123743336
041 ## - LANGUAGE CODE
Language code of text/sound track or separate title English Language
082 ## - DEWEY DECIMAL CLASSIFICATION NUMBER
Classification number 004.16
Item number SAS
100 ## - MAIN ENTRY--PERSONAL NAME
Personal name Sass, Ron
9 (RLIN) 3482
245 ## - TITLE STATEMENT
Title Embedded Systems Design with Platform FPGAs
Remainder of title Principles and Practices
260 ## - PUBLICATION, DISTRIBUTION, ETC. (IMPRINT)
Place of publication, distribution, etc London
Name of publisher, distributor, etc Elsevier
Date of publication, distribution, etc 2010
300 ## - PHYSICAL DESCRIPTION
Extent 389p.
650 #0 - SUBJECT ADDED ENTRY--TOPICAL TERM
9 (RLIN) 2052
Topical term or geographic name as entry element Embedded computer systems
700 ## - ADDED ENTRY--PERSONAL NAME
9 (RLIN) 3481
Personal name Schmidt, Andrew G.
942 ## - ADDED ENTRY ELEMENTS (KOHA)
Source of classification or shelving scheme
Koha item type Reference Materials
945 ## - LOCAL PROCESSING INFORMATION (OCLC)
a 3725
b Ishara wickramage
c 3725
d Ishara wickramage
Holdings
Withdrawn status Lost status Source of classification or shelving scheme Damaged status Not for loan Collection code Permanent Location Current Location Shelving location Date acquired Cost, normal purchase price Full call number Barcode Date last seen Price effective from Koha item type Source of acquisition
          Scheduled Reference collection Library of SLTC Library of SLTC Reference Section 2026-01-19 2000.00 004.16 SAS 002770 2026-01-19 2026-01-19 Reference Materials  
          Lending collection Library of SLTC Library of SLTC Reference Section 2026-01-23 2000.00 004.16 SAS 002760 2026-01-23 2026-01-23 Reference Materials Donation
Ghostwriter

All Rights Reserved, Library of SLTC
Sri Lanka Technological Campus, Ingiriya Road, Padukka, Sri Lanka - Telephone: +, Fax: + -
Email:library@sltc.edu.lk
Designed & Maintained by Nimal Hettiarachchi
Last Updated: 15-April -2018